Simboli Squadre di calcio - Statistics

Statistiche generali
  • Questo quiz è stato fatto 296 volte
    86 dall'ultimo reset
  • Il punteggio medio è 16 su 29
Statistiche sulle risposte
Simbolo Squadra % Corretto
Diavolo Milan
96%
Zebra Juventus
93%
Lupa / Lupo Roma / Siena / Avellino / Lecce / Piacenza / Cosenza / Campobasso
93%
Biscione Inter
92%
Aquila Lazio / Palermo / Catanzaro / Lecco / Spezia / Cavese
92%
Toro Torino
92%
Grifone Genoa / Perugia
88%
Giglio Fiorentina
84%
Delfino Pescara
82%
Asino Napoli
80%
Quattro mori Cagliari
76%
Cavalluccio marino Cesena / Salernitana
69%
Canarino Modena
66%
Strega Benevento
65%
Elefante Catania
58%
Gallo Bari
51%
Leone Venezia / Frosinone / Brescia
46%
Vespa Juve Stabia
41%
Baciccia Sampdoria
34%
Balanzone Bologna
32%
Alabarda Triestina
30%
Virgilio Mantova
27%
Picchio Ascoli
19%
Mastino Hellas Verona
18%
Squalo Crotone
14%
Cavallo Arezzo
11%
Viverna Ternana
8%
Cerbiatto SPAL
4%
Orso Pistoiese
0%
Nessun quiz corrispondente trovato
Distribuzione punteggi
Percentuale di utenti per punteggio
Percentile per numero di risposta
I tuoi punteggi nel tempo
Non hai fatto questo quiz dall'ultimo reset